| 000 | 00516nam a2200169Ia 4500 | ||
|---|---|---|---|
| 008 | 240729s9999 xx 000 0 und d | ||
| 022 | _a2374-8257 | ||
| 245 | 0 | _aAnalytic Teaching and Philosophical Praxis | |
| 260 | _aUnited States | ||
| 260 | _bViterbo University | ||
| 650 | _a Philosophy (General) | ||
| 650 | _a Special aspects of education | Philosophy. Psychology. Religion | ||
| 650 | _aEducation | ||
| 856 | _uhttps://doaj.org/toc/774c2b58ee6a401985f64eab5964f1c4 | ||
| 942 | _2ddc | ||
| 942 | _cDOAJEJ | ||
| 999 |
_c66457 _d66457 |
||
| 945 |
_a1 _bMadushi Gamage _c1 _dMadushi Gamage |
||